| 000 | 00832nam a2200217 i 4500 | ||
|---|---|---|---|
| 001 | 164916 | ||
| 003 | ES-MaACL | ||
| 005 | 20250313063306.0 | ||
| 008 | 050812s1868 fr ac | |||||||| ||fre d | ||
| 040 |
_aCAM _bspa _cCAM |
||
| 100 | 1 |
_aSchiller, Friedrich, _d1759-1805 _9104361 |
|
| 245 | 1 | 0 |
_aPoésies de Schiller / _ctraduction nouvelle par Ad. Regnier. |
| 260 |
_aParis : _bLibrairie de L. Hachette et C., _c1868 ( _fImprimerie Générale de Ch. Lahure) |
||
| 300 |
_aXVI, 590, [2] p., [1] h. de lám. ; _c23 cm. |
||
| 490 | 1 |
_aOeuvres de Schiller ; _v1 |
|
| 599 | _aLa h. de lám. lit., retrato del autor: "G. Fath del., Fd. Delannoy sculp." | ||
| 700 | 1 |
_aRegnier, Adolphe. _9168568 |
|
| 830 | 0 |
_aOeuvres de Schiller ; _v1 _9188505 |
|
| 852 |
_aES-MaACL _jD-4504 _z-- Enc. hol. |
||
| 999 |
_c164916 _d164916 |
||